UITU Library & LRC     

Social Entrepreneurs: Can change the world? (Record no. 14119)

MARC details
000 -LEADER
fixed length control field 00490nam a2200181Ia 4500
008 - FIXED-LENGTH DATA ELEMENTS--GENERAL INFORMATION
fixed length control field 240925s9999 xx 000 0 und d
020 ## - INTERNATIONAL STANDARD BOOK NUMBER
International Standard Book Number 9781137520074
082 ## - DEWEY DECIMAL CLASSIFICATION NUMBER
Classification number 361.765068 THO
100 ## - MAIN ENTRY--PERSONAL NAME
Personal name Thompson, Marcus
245 #0 - TITLE STATEMENT
Title Social Entrepreneurs: Can change the world?
250 ## - EDITION STATEMENT
Edition statement NA
260 ## - PUBLICATION, DISTRIBUTION, ETC.
Place of publication, distribution, etc. New York:
Name of publisher, distributor, etc. Macmillan Publishing
Date of publication, distribution, etc. ,2017.
300 ## - PHYSICAL DESCRIPTION
Extent ix, 288p.
Other physical details 0
Type of unit Original
500 ## - GENERAL NOTE
General note Includes Index
600 ## - SUBJECT ADDED ENTRY--PERSONAL NAME
Personal name Social Sciences
650 ## - SUBJECT ADDED ENTRY--TOPICAL TERM
Topical term or geographic name entry element Social Sciences
942 ## - ADDED ENTRY ELEMENTS (KOHA)
Koha item type Books
Holdings
Withdrawn status Lost status Damaged status Not for loan Collection Home library Current library Date acquired Source of acquisition Cost, normal purchase price Total checkouts Full call number Barcode Date last seen Price effective from Koha item type
        Social Sciences UITU Library UITU Library 04/26/2018 Book World International 1209.00   361.765068 THO Q11620 09/25/2024 09/25/2024 Books

Powered by Koha